LIBRARY & INFORMATION CENTRE, KCAET, TAVANUR

ONLINE PUBLIC ACCESS CATALOGUE (OPAC)

Modern Verse ( 1900-1950) / (Record no. 477)

MARC details
000 -LEADER
fixed length control field 00307cam a2200121ua 4500
082 ## - DEWEY DECIMAL CLASSIFICATION NUMBER
Classification number 821
Item number JON/MO
100 ## - MAIN ENTRY--AUTHOR NAME
Personal name Jones, Phyllis .
245 00 - TITLE STATEMENT
Title Modern Verse ( 1900-1950) /
260 ## - PUBLICATION, DISTRIBUTION, ETC. (IMPRINT)
Place of publication London :
Name of publisher Oxford University Press ,
Year of publication 1962.
300 ## - PHYSICAL DESCRIPTION
Number of Pages 294 ; .
490 0# - SERIES STATEMENT
Series statement The World`s Classics,
942 ## - ADDED ENTRY ELEMENTS (KOHA)
Koha item type Books
Holdings
Withdrawn status Lost status Damaged status Home library Current library Date acquired Full call number Accession Number Koha item type
Withdrawn     KAUAET Malayalam University 07/04/2012 821 5009 Books
free website counter